Word Scramble - Mortal Kombat Characters - Statistics

General Stats
  • This quiz has been taken 63 times
  • The average score is 37 of 52
Answer Stats
Hint Answer % Correct
jxa Jax
98%
Jhyonn Caeg Johnny Cage
98%
goor Goro
96%
ktaina Kitana
96%
lui kagn Liu Kang
96%
coosipnr Scorpion
96%
ubrsezo- Sub-Zero
96%
braaka Baraka
94%
kugn loa Kung Lao
94%
Soany Blead Sonya Blade
94%
Cxyar Cyrax
92%
Akbal Kabal
92%
Kaon Kano
92%
shgan tsgun Shang Tsung
92%
ilnmaee Mileena
90%
Qaun Hic Quan Chi
90%
eplreti Reptile
90%
Soah Hakn Shao Kahn
88%
Heevas Sheeva
88%
Esidnl Sindel
88%
Cassei Gace Cassie Cage
86%
iAnr Rain
86%
Nayta Tanya
82%
rinaed Raiden
80%
Sokem Smoke
80%
Wflonghit Nightwolf
76%
'Ob Air Hoc Bo' Rai Cho
73%
Norre Bcalk Erron Black
73%
Kshnnoi Shinnok
73%
'Voarhd D'Vorah
69%
Marec Ermac
69%
Fderdy Rukgere Freddy Krueger
67%
Jfuni Fujin
67%
Lethraeface Leatherface
63%
Quiacj Sribgg Jacqui Briggs
61%
Refar/Rrot Ferra/Torr
59%
Ijn Gunk Kung Jin
59%
Yrektrs Stryker
55%
Jonas Shevoore Jason Voorhees
53%
Shinek Kenshi
53%
Oktal Kanh Kotal Khan
53%
Aaektd Tahashika Takeda Takahashi
45%
Jhon Marbo John Rambo
43%
BoroPoc RoboCop
43%
Morter Tremor
43%
Elina Alien
41%
Oratks Kratos
41%
Atordrep Predator
39%
Het Reokj The Joker
35%
Rofts Frost
31%
Borgrit Triborg
25%
Mertiatron Terminator
22%
No matching quizzes found
Score Distribution
Percent of People with Each Score
Percentile by Number Answered
Your Score History
You have not taken this quiz